000 00523nam a2200205Ia 4500
005 20250923145539.0
008 008 250917s9999 xx 000 0 eng d
037 _aTextual
040 _aDSWL
_beng
_cDSWL
041 _aeng
_2eng
084 _aX
_qDSWL
100 _aMeidner, R.
_9836464
245 0 _aEmployee investment funds
_c by R.Meidner
260 _aLondon
_bGeorge Allen
_c1978
300 _a132 p.
365 _aGBP
_b0.8
925 _g0.8
942 _cTEXL
_hX
999 _c1452715
_d1452715